Quiz Ciné/Série par lettre - C - Statistiques

Statistiques générales
  • Ce quiz a été pris 99 fois
  • Le résultat moyen est 10 sur 20
Statistiques - réponses
Questions Réponses % Correct
Équivalent français des Oscars Césars
88%
Charlie s'y rend car il trouve le ticket d'or Chocolaterie
88%
Acteur cascadeur adepte de scientologie Tom Cruise
87%
Parfois le Kid, parfois le Dictateur mais toujours des temps modernes Charlie Chaplin
82%
Prénom de Lauby et d'Akerman Chantal
76%
Disney / Pixar célèbre la fête des morts Coco
74%
Sa fille Sofia et sa petite fille Gia sont également dans le Cinéma Francis Coppola
65%
Professionnel de la grimace Jim Carrey
54%
Le Robin des Bois de 1991 Kevin Costner
52%
Gary Oldman joue le rôle d'un homme d'état dans "Les Heures Sombres" Churchill
44%
Comédie musicale célèbre de1953 de et avec Gene Kelly Chantons sous la pluie
41%
Frères de "Fargo" et de "No Country for Old Men" Coen
41%
Orson Welles retrace l'histoire d'un magnat de la presse Citizen Kane
38%
Réalisateur de La La Land Damien Chazelle
38%
Le Robin des Bois de 2010 Russel Crowe
29%
Métier de Ryan Gosling dans "Drive" Cascadeur
28%
Il a 40 ans et il est toujours puceau Steeve Carell
28%
Révélation de la série "Dix pour cents", elle est récompensée pour "Antoinette dans les Cévennes" Laure Calamy
27%
Réalisateur francophone d'origine grecque de "Missing" ou encore "L'Aveu" Costa-Gavras
22%
Antoine de Saint-Maximy ira mourir dans les.... Carpates
15%
Aucun quiz correspondant
Distribution des résultats
% des personnes avec chaque résultat
Percentile par nombre de réponses
Votre historique - résultats
Vous n’avez pas pris ce quiz